000 00301nam a22001337a 4500
008 170327b xxu||||| |||| 00| 0 eng d
020 _a9780071433655
041 _aeng
080 _a615.83
100 _a8
101 _aSHM
245 _aHOW TO BE YOUR OWN THERAPEUTIST
_cFARRELL, P
942 _2udc
_cBK
999 _c8721
_d8721